Statistics for Interesting Zip Codes

Click here to take the quiz!

General Stats

  • This quiz has been taken 20 times
  • The average score is 7 of 12

Answer Stats

HintAnswer% Correct
90210Beverly Hills
100%
10001New York
89%
94104San Francisco
68%
33139Miami
68%
02112Boston
63%
20500Washington D.C.
63%
89109Las Vegas
58%
77002Houston
53%
79936El Paso
42%
38103Memphis
42%
12345Schenectady
37%
81611Aspen
21%

Score Distribution

Percentile by Number Answered

Percent of People with Each Score

Your Score History

You have not taken this quiz